[Event "11. OSEM SH 2017"]
[Site "Büsum"]
[Date "2017.09.15"]
[Round "8.62"]
[White "Botvinnik, Alexey"]
[Black "Schröder, Harm"]
[Result "1/2-1/2"]
[WhiteElo "1836"]
[BlackElo "1696"]
[PlyCount "142"]
[EventDate "2017.??.??"]
[WhiteTeam "SG Porz"]
[BlackTeam "SK Union Oldenburg"]

1. e4 e5 2. Nf3 Nc6 3. Bc4 Bc5 4. d3 Nf6 5. c3 d6 6. h3 h6 7. O-O O-O 8. Re1 a6
9. a4 a5 10. Nbd2 Re8 11. Qb3 Qe7 12. Nf1 Bb6 13. Be3 Bxe3 14. Nxe3 Nd8 15. Qc2
Be6 16. Ba2 Bxa2 17. Rxa2 g6 18. Qd2 Kg7 19. Nh2 c6 20. Neg4 Nxg4 21. Nxg4 Rh8
22. d4 h5 23. Nh2 Ne6 24. Nf3 f6 25. Ra3 Nf4 26. Kh2 g5 27. g3 Ng6 28. Ng1 h4
29. g4 Nf4 30. Ne2 Nxe2 31. Rxe2 Rhd8 32. Re3 c5 33. d5 Qc7 34. c4 b6 35. Rab3
Ra7 36. Rf3 Rb8 37. Rf5 Qe7 38. Rbf3 Rf8 39. Qc2 Rb7 40. Qb3 Qd7 41. Qe3 Qe7
42. Qd2 Rf7 43. Qc1 Kg6 44. Rb3 Qd7 45. Rb5 Qe7 46. Qd1 Qd8 47. Rf3 Rb8 48.
Rfb3 Rfb7 49. Qf3 Qc7 50. Kg2 Qc8 51. Re3 Kg7 52. Qf5 Qe8 53. Reb3 Qe7 54. Kf3
Qf7 55. Ke3 Qd7 56. Rd3 Rd8 57. Rd1 Re8 58. Rb3 Rd8 59. Rbd3 Qf7 60. Rb3 Re8
61. Ke2 Qe7 62. Rdd3 Qf7 63. Rb5 Qe7 64. Rdb3 Reb8 65. Rd3 Re8 66. Kd2 Reb8 67.
Qf3 Re8 68. Qd1 Reb8 69. Qb3 Qe8 70. Rf3 Qe7 71. Rf5 Qe8 1/2-1/2

[Event "11. OSEM SH 2017"]
[Site "Büsum"]
[Date "2017.09.15"]
[Round "8.63"]
[White "Decho, Wilhelm"]
[Black "Reichwald, Klaus"]
[Result "1/2-1/2"]
[WhiteElo "1750"]
[BlackElo "1834"]
[PlyCount "39"]
[EventDate "2017.??.??"]
[WhiteTeam "Vereinslos"]
[BlackTeam "SC Lohhof"]

1. d4 Nf6 2. c4 g6 3. Nc3 Bg7 4. Nf3 d6 5. e3 O-O 6. Be2 Nbd7 7. O-O c6 8. b3
Qc7 9. Bb2 e5 10. Qc2 Re8 11. Rfe1 a6 12. Rac1 c5 13. dxe5 Nxe5 14. Nxe5 dxe5
15. Bf3 Rb8 16. Rcd1 Bf5 17. e4 Be6 18. Nd5 Bxd5 19. exd5 Qd6 20. g3 1/2-1/2

[Event "11. OSEM SH 2017"]
[Site "Büsum"]
[Date "2017.09.15"]
[Round "8.64"]
[White "Dachrodt, Heinz-Günther"]
[Black "Bade, Heidrun"]
[Result "1/2-1/2"]
[WhiteElo "1734"]
[BlackElo "1815"]
[PlyCount "30"]
[EventDate "2017.??.??"]
[WhiteTeam "Sport Union Annen"]
[BlackTeam "USV Potsdam"]

1. e4 e5 2. Nf3 Nc6 3. Bb5 a6 4. Bxc6 dxc6 5. d4 exd4 6. Qxd4 Bg4 7. Qxd8+ Rxd8
8. Nbd2 Nf6 9. O-O Bc5 10. Nb3 Be7 11. Bf4 Bxf3 12. gxf3 Rd7 13. Rad1 Kd8 14.
Rxd7+ Kxd7 15. Rd1+ Kc8 1/2-1/2

[Event "11. OSEM SH 2017"]
[Site "Büsum"]
[Date "2017.09.15"]
[Round "8.65"]
[White "Schmieder, Wolfgang Ernst"]
[Black "Lachat, Martin"]
[Result "1/2-1/2"]
[WhiteElo "1800"]
[BlackElo "1636"]
[PlyCount "66"]
[EventDate "2017.??.??"]
[WhiteTeam "Kasseler SK"]
[BlackTeam "ASK Réti Zürich"]

1. g3 f5 2. b3 g6 3. Bb2 Nf6 4. Bg2 Bg7 5. Nf3 O-O 6. h4 h6 7. e3 d6 8. d4 c6
9. Nbd2 Qc7 10. c4 Ng4 11. Nh2 Nxh2 12. Rxh2 e5 13. d5 Nd7 14. Qc2 Nf6 15. dxc6
bxc6 16. f3 Be6 17. O-O-O Rac8 18. Kb1 Nh5 19. Nf1 Qf7 20. Bh3 d5 21. c5 Rb8
22. g4 fxg4 23. Bxg4 Bf5 24. e4 dxe4 25. Bxf5 Qxf5 26. fxe4 Qf4 27. Bc1 Qf7 28.
Rhd2 Qe7 29. Qc4+ Kh7 30. Rd7 Qxh4 31. Rxa7 Rbd8 32. Rdd7 Rxd7 33. Rxd7 Nf6
1/2-1/2

[Event "11. OSEM SH 2017"]
[Site "Büsum"]
[Date "2017.09.15"]
[Round "8.66"]
[White "Möller, Peter"]
[Black "Wölfert, Jürgen"]
[Result "0-1"]
[WhiteElo "1672"]
[BlackElo "1860"]
[PlyCount "172"]
[EventDate "2017.??.??"]
[WhiteTeam "ASV Wismar"]
[BlackTeam "BSC Rehberge"]

1. d4 Nf6 2. Bf4 d6 3. Nf3 g6 4. e3 Bg7 5. Nbd2 Nbd7 6. Bc4 c6 7. c3 Qc7 8. Qb3
e6 9. h3 Nb6 10. Bd3 O-O 11. O-O Bd7 12. Nc4 Nc8 13. Rac1 b5 14. Ncd2 Re8 15.
c4 a6 16. c5 Nd5 17. cxd6 Qa7 18. Bg3 f6 19. a3 Bf8 20. e4 Ndb6 21. e5 f5 22.
Qc2 Nd5 23. Nb3 Bh6 24. Rcd1 Ncb6 25. Nc5 a5 26. Rb1 Na4 27. Nd2 Nxc5 28. dxc5
a4 29. Nf3 Qb8 30. Rfe1 b4 31. axb4 Nxb4 32. Qc3 Nd5 33. Qc4 g5 34. Bc2 Qa7 35.
Ra1 Rec8 36. Reb1 Qb8 37. Rxa4 Rxa4 38. Bxa4 Qa7 39. Bc2 Rb8 40. Kh1 Rb4 41.
Qd3 Qxc5 42. h4 g4 43. Ne1 Qb6 44. b3 c5 45. f3 Rd4 46. Qf1 Ne3 47. Qe2 f4 48.
Bf2 g3 49. Bxe3 fxe3 50. Nd3 Rxh4+ 51. Kg1 Qa5 52. Qe1 Qd8 53. Qxg3+ Kh8 54.
Kf1 Bb5 55. Ke2 Bf4 56. Qe1 Bxe5 57. Kxe3 Qg5+ 58. Ke2 Qxg2+ 59. Qf2 Qxf2+ 60.
Kxf2 Rh2+ 61. Ke3 Bd4+ 62. Kf4 Rxc2 63. Ne5 Bxe5+ 64. Kxe5 Bd7 65. b4 Re2+ 66.
Kf4 e5+ 67. Kg3 c4 68. b5 c3 69. b6 Rb2 70. Rc1 Rxb6 71. Rxc3 Rxd6 72. Re3 Rd5
73. f4 exf4+ 74. Kxf4 Kg7 75. Rg3+ Kf6 76. Re3 h5 77. Kg3 Bg4 78. Ra3 Kg5 79.
Ra1 Rd3+ 80. Kg2 Kf4 81. Rf1+ Kg5 82. Ra1 h4 83. Re1 Rd2+ 84. Kg1 Kf4 85. Rf1+
Kg3 86. Rf3+ Bxf3 0-1

[Event "11. OSEM SH 2017"]
[Site "Büsum"]
[Date "2017.09.15"]
[Round "8.67"]
[White "Johnen, Franz"]
[Black "Kolkwitz, Klaus"]
[Result "1-0"]
[WhiteElo "1713"]
[BlackElo "1836"]
[PlyCount "89"]
[EventDate "2017.??.??"]
[WhiteTeam "SVG Alsdorf"]
[BlackTeam "ESV Eberswalde"]

1. d4 d6 2. Nf3 Nf6 3. e3 g6 4. c4 Bg7 5. Nc3 b6 6. Be2 Bb7 7. O-O O-O 8. b3
Nbd7 9. Bb2 e5 10. Rc1 e4 11. Nd2 Re8 12. Qc2 Re7 13. Ba3 Qe8 14. Nb5 Nf8 15.
d5 a6 16. Nc3 Bc8 17. b4 Bf5 18. c5 b5 19. cxd6 cxd6 20. Rfd1 Rc8 21. Qb3 N8d7
22. h3 h5 23. Bb2 Ne5 24. Nf1 Qd7 25. Kh2 Bxh3 26. gxh3 Nf3+ 27. Bxf3 exf3 28.
e4 Ng4+ 29. Kg3 Ne5 30. a4 g5 31. Ne3 h4+ 32. Kh2 g4 33. Nf5 Kf8 34. axb5 axb5
35. Na2 Rxc1 36. Rxc1 Qa7 37. Bd4 g3+ 38. fxg3 Ng4+ 39. hxg4 Bxd4 40. Nxe7 Qxe7
41. Qxf3 hxg3+ 42. Kg2 Be5 43. Rc8+ Kg7 44. Qf5 Qh4 45. Qh5 1-0

[Event "11. OSEM SH 2017"]
[Site "Büsum"]
[Date "2017.09.15"]
[Round "8.68"]
[White "Gottschalk, Jürgen"]
[Black "Harke, Horst"]
[Result "0-1"]
[WhiteElo "1639"]
[BlackElo "1810"]
[PlyCount "106"]
[EventDate "2017.??.??"]
[WhiteTeam "SV Parchim"]
[BlackTeam "SK Varel"]

1. e4 e5 2. Nf3 Nf6 3. Nc3 d6 4. h3 Be7 5. Bc4 c6 6. d4 exd4 7. Qxd4 O-O 8. O-O
c5 9. Qd1 a6 10. a3 b5 11. Ba2 Qc7 12. Re1 Nbd7 13. Bf4 Ne5 14. Re3 h6 15. Nd5
Nxf3+ 16. Rxf3 Nxd5 17. Bxd5 Ra7 18. Rg3 Bh4 19. Rg6 Kh7 20. Rxd6 Qe7 21. g3
Bg5 22. Bxg5 Qxd6 23. Bf4 Qb6 24. h4 Bb7 25. b4 Bxd5 26. bxc5 Qf6 27. exd5 Rc8
28. Be3 Rd7 29. Rb1 Qe5 30. d6 f5 31. Qd3 g6 32. Rb4 Re8 33. c3 Qf6 34. a4 Re4
35. axb5 Rxb4 36. cxb4 axb5 37. Qxb5 Ra7 38. d7 f4 39. Bxf4 Qa1+ 40. Kg2 Qd4
41. Be3 Qd5+ 42. f3 Rxd7 43. Qa4 Rf7 44. Bf4 Qc4 45. Qe8 Qc2+ 46. Kh3 Qf5+ 47.
Kg2 g5 48. hxg5 hxg5 49. g4 Qxf4 50. Qe4+ Qxe4 51. fxe4 Rb7 52. c6 Rxb4 53. Kf3
Rc4 0-1

[Event "11. OSEM SH 2017"]
[Site "Büsum"]
[Date "2017.09.15"]
[Round "8.69"]
[White "Alicke, Manfred"]
[Black "Bordasch, Christian"]
[Result "1-0"]
[WhiteElo "1646"]
[BlackElo "1805"]
[PlyCount "85"]
[EventDate "2017.??.??"]
[WhiteTeam "SV Grevenbroich"]
[BlackTeam "SK Norderstedt"]

1. e4 c6 2. c4 d6 3. d3 g6 4. Nc3 Bg7 5. Nge2 Nf6 6. h3 O-O 7. Bd2 c5 8. Qc1
Bd7 9. g4 Nc6 10. Bh6 Ne5 11. Ng1 a6 12. Bxg7 Kxg7 13. Be2 b5 14. f4 Nc6 15.
Nf3 bxc4 16. dxc4 Qa5 17. Kf2 Qd8 18. g5 Ne8 19. Nd5 Rh8 20. Qc3+ Kg8 21. Kg3
Nc7 22. h4 Nxd5 23. cxd5 Nd4 24. Nxd4 cxd4 25. Qxd4 Qf8 26. h5 Qg7 27. Qxg7+
Kxg7 28. h6+ Kf8 29. Rhc1 e6 30. Rc7 Ke7 31. dxe6 fxe6 32. Rac1 Rhb8 33. b3 a5
34. Bc4 Rc8 35. Bb5 Rxc7 36. Rxc7 Rd8 37. a3 Ke8 38. Bxd7+ Rxd7 39. Rc8+ Rd8
40. Rxd8+ Kxd8 41. f5 exf5 42. exf5 gxf5 43. g6 1-0

[Event "11. OSEM SH 2017"]
[Site "Büsum"]
[Date "2017.09.15"]
[Round "8.70"]
[White "Brandt, Fred"]
[Black "Narr, Irmgard"]
[Result "0-1"]
[WhiteElo "1805"]
[BlackElo "1685"]
[PlyCount "110"]
[EventDate "2017.??.??"]
[WhiteTeam "Königsjäger Süd-West"]
[BlackTeam "SC Mühlhof-Reichelsdorf"]

1. d4 Nf6 2. Nf3 b6 3. e3 Bb7 4. Nbd2 e6 5. Bd3 Be7 6. e4 d6 7. O-O O-O 8. Re1
Re8 9. a3 Nbd7 10. c4 Nf8 11. Qc2 c5 12. dxc5 dxc5 13. e5 N6d7 14. Ne4 Qc7 15.
Bf4 Ng6 16. Bg3 Red8 17. Ned2 Ndf8 18. Rad1 Rd7 19. Be4 Rad8 20. h4 Bxe4 21.
Qxe4 Qb7 22. Qg4 f5 23. exf6 Bxf6 24. h5 Ne7 25. h6 Nf5 26. Bf4 g6 27. Bg5 Bxg5
28. Qxg5 Qc7 29. g4 Nd4 30. Nxd4 Rxd4 31. Kg2 Qf7 32. f3 Rd3 33. Qe5 Rxd2+ 34.
Rxd2 Rxd2+ 35. Kg3 Rd8 36. Re4 Rd4 37. Rxd4 cxd4 38. Qxd4 Nd7 39. g5 e5 40. Qe4
Qf4+ 41. Qxf4 exf4+ 42. Kxf4 Kf7 43. b4 Ke6 44. a4 Kd6 45. Ke4 a6 46. f4 Ke6
47. Kd4 Nb8 48. b5 axb5 49. axb5 Nd7 50. Ke4 Nc5+ 51. Kd4 Kf5 52. Kd5 Kxf4 53.
Kc6 Na4 54. Kd5 Kxg5 55. c5 Nxc5 0-1

[Event "11. OSEM SH 2017"]
[Site "Büsum"]
[Date "2017.09.15"]
[Round "8.71"]
[White "Lüders, Günter"]
[Black "Jovi, Klaus"]
[Result "1-0"]
[WhiteElo "1796"]
[BlackElo "1608"]
[PlyCount "109"]
[EventDate "2017.??.??"]
[WhiteTeam "TSV Benshausen"]
[BlackTeam "SV Grevenbroich"]

1. d4 Nf6 2. Nf3 d5 3. Bf4 e6 4. Nbd2 c5 5. c3 Nc6 6. h3 cxd4 7. cxd4 Bb4 8. a3
Bd6 9. Bxd6 Qxd6 10. e3 O-O 11. Be2 h6 12. O-O a6 13. Rc1 Bd7 14. Qb3 b5 15.
Qa2 Rfb8 16. Nb3 Ne4 17. Bd3 f5 18. Nfd2 g5 19. Bxe4 fxe4 20. f4 exf3 21. Rxf3
Rf8 22. Rcf1 Kg7 23. Nc5 Rxf3 24. Rxf3 e5 25. Nxd7 Qxd7 26. Nb3 exd4 27. exd4
Re8 28. Qb1 Qe6 29. Qc2 Qe4 30. Qxc6 Qe1+ 31. Kh2 Qe6 32. Qxe6 Rxe6 33. Rf2 Re3
34. Nc5 a5 35. Nb7 b4 36. axb4 axb4 37. Nc5 Kg6 38. Nd7 b3 39. Nb6 Rd3 40. Nxd5
Rxd4 41. Nc3 Rc4 42. Kg1 Kh5 43. g4+ Kg6 44. Kg2 Rc5 45. Kg3 Ra5 46. Kf3 Ra1
47. Kg2 Rc1 48. Kg3 Rc2 49. Rxc2 bxc2 50. Ne2 Kf6 51. Kf3 Ke5 52. Ke3 Kd5 53.
Kd3 c1=Q 54. Nxc1 Kc5 55. Kc3 1-0

[Event "11. OSEM SH 2017"]
[Site "Büsum"]
[Date "2017.09.15"]
[Round "8.72"]
[White "Weck, Uwe"]
[Black "Eschweiler, Gottfried"]
[Result "0-1"]
[WhiteElo "1591"]
[BlackElo "1766"]
[PlyCount "58"]
[EventDate "2017.??.??"]
[WhiteTeam "SK Kaltenkirchen"]
[BlackTeam "Pulheimer SC"]

1. e4 c5 2. Nf3 d6 3. d4 cxd4 4. Nxd4 Nf6 5. Nc3 e6 6. Bd3 Be7 7. Be3 O-O 8. g4
a6 9. g5 Nfd7 10. h4 Nc6 11. Nxc6 bxc6 12. f4 f5 13. Qe2 fxe4 14. Bxe4 d5 15.
Bxh7+ Kxh7 16. Qh5+ Kg8 17. g6 Nf6 18. Qe2 Bb4 19. Bd4 Re8 20. O-O-O Bd7 21.
Kb1 c5 22. Bxf6 Qxf6 23. Qh5 Bxc3 24. Qh7+ Kf8 25. f5 exf5 26. Rxd5 Bc6 27. Rd6
Qxd6 28. Qh8+ Ke7 29. bxc3 Rxh8 0-1

[Event "11. OSEM SH 2017"]
[Site "Büsum"]
[Date "2017.09.15"]
[Round "8.73"]
[White "Girod, Gudrun"]
[Black "Garms, Ilse"]
[Result "1/2-1/2"]
[WhiteElo "1546"]
[BlackElo "1759"]
[PlyCount "92"]
[EventDate "2017.??.??"]
[WhiteTeam "Hannover 96"]
[BlackTeam "ESV Eberswalde"]

1. d4 d5 2. Bf4 Nf6 3. h3 e6 4. e3 Bd6 5. Bxd6 Qxd6 6. c3 b6 7. Nf3 O-O 8. Be2
Bb7 9. Nbd2 Nbd7 10. O-O c5 11. Bb5 Rfd8 12. Bxd7 Nxd7 13. Rc1 e5 14. dxe5 Nxe5
15. Nxe5 Qxe5 16. Nf3 Qe6 17. Nh2 Rd6 18. Qg4 Re8 19. Qxe6 Rexe6 20. Rfe1 h6
21. f3 Rd7 22. f4 Rde7 23. Kf2 f5 24. g4 g6 25. gxf5 gxf5 26. Rg1+ Kh7 27. Rce1
Bc6 28. h4 Be8 29. Nf3 b5 30. Ne5 a5 31. b3 b4 32. Rc1 Ra7 33. c4 Rd6 34. Rcd1
d4 35. exd4 cxd4 36. Rd2 Rc7 37. Rg3 a4 38. Rgd3 axb3 39. axb3 Ra7 40. Rxd4
Rxd4 41. Rxd4 Ra2+ 42. Ke3 Rb2 43. Rd3 Bh5 44. Rd7+ Kg8 45. Rd8+ Kg7 46. Rd7+
Kg8 1/2-1/2

[Event "11. OSEM SH 2017"]
[Site "Büsum"]
[Date "2017.09.15"]
[Round "8.74"]
[White "Westphal-Stubbe, Siegbert"]
[Black "Stratmann, Alois"]
[Result "1-0"]
[WhiteElo "1722"]
[BlackElo "1580"]
[PlyCount "105"]
[EventDate "2017.??.??"]
[WhiteTeam "SG Plöner See"]
[BlackTeam "SV Ahlen"]

1. d4 Nf6 2. c4 e6 3. e3 c5 4. Nf3 Nc6 5. dxc5 Bxc5 6. a3 a6 7. Nc3 b6 8. Bd3
Bb7 9. O-O O-O 10. Ne4 Nxe4 11. Bxe4 Rb8 12. Bc2 Ne7 13. Bd2 Ng6 14. b4 Be7 15.
Rc1 Bf6 16. Nd4 Rc8 17. Bb1 d5 18. c5 bxc5 19. Rxc5 Qd7 20. Rxc8 Rxc8 21. g3
Ne5 22. Nb3 Nc4 23. Nc5 Qe7 24. Nxb7 Qxb7 25. Qc2 g6 26. Rc1 Bb2 27. Rd1 Bxa3
28. Qb3 Bb2 29. Bd3 Bf6 30. Qb1 Nxd2 31. Rxd2 Bc3 32. Rc2 Qxb4 33. Qxb4 Bxb4
34. Rxc8+ Kg7 35. Bxa6 Be7 36. Bb5 Kf6 37. f4 h5 38. Bc6 Bb4 39. e4 dxe4 40.
Bxe4 Ba5 41. Kg2 Bd2 42. Kf3 Be1 43. h3 Bb4 44. g4 hxg4+ 45. hxg4 g5 46. f5 e5
47. Bd5 Be7 48. Ke4 Bd6 49. Rc6 Ke7 50. f6+ Kd7 51. Kf5 e4 52. Kxg5 e3 53. Rc2
1-0

[Event "11. OSEM SH 2017"]
[Site "Büsum"]
[Date "2017.09.15"]
[Round "8.75"]
[White "Möller, Bernd"]
[Black "Ketelsen, Herbert"]
[Result "1-0"]
[WhiteElo "1717"]
[BlackElo "1565"]
[PlyCount "141"]
[EventDate "2017.??.??"]
[WhiteTeam "SV Bad Schwartau"]
[BlackTeam "SK Kaltenkirchen"]

1. d4 d5 2. c4 e6 3. Nc3 Nf6 4. e3 b6 5. Be2 Bb7 6. Bf3 Nbd7 7. a3 Rb8 8. b3
Be7 9. Nge2 O-O 10. O-O c5 11. cxd5 cxd4 12. Qxd4 Bc5 13. Qd1 Ne5 14. Nf4 Nxf3+
15. Qxf3 Nxd5 16. Nfxd5 exd5 17. Qg4 Qf6 18. Bb2 Bc8 19. Qe2 Qg5 20. Rfd1 Be6
21. b4 Be7 22. Qa6 Ra8 23. Ne2 Bh3 24. Nf4 Be6 25. Qd3 Rad8 26. Rac1 Bf6 27.
Bxf6 Qxf6 28. Rc7 a6 29. Qxa6 Bc8 30. Qd3 Bf5 31. Qd4 Qxd4 32. Rxd4 Be6 33. Rc6
Rc8 34. Rxc8 Rxc8 35. h3 Rc3 36. Rd3 Rxd3 37. Nxd3 Kf8 38. f3 Ke7 39. g4 Kf6
40. f4 g6 41. Kf2 Ke7 42. Ke2 Kd6 43. b5 f6 44. Kd2 Bd7 45. a4 Be6 46. Kc3 Bf7
47. Kd4 Be6 48. Nc1 Bd7 49. Ne2 Be6 50. Ng3 Bf7 51. h4 Be6 52. f5 gxf5 53. gxf5
Bf7 54. e4 dxe4 55. Nxe4+ Ke7 56. Nd2 Kd7 57. Nc4 Kc7 58. Kc3 Bd5 59. Kb4 Be4
60. Ne3 Kd6 61. Ng4 Ke7 62. Ne3 Kd7 63. h5 Kc7 64. Kc4 Kd6 65. Kd4 Bf3 66. h6
Be2 67. Nd5 Bd1 68. Nxb6 Bc2 69. a5 Bxf5 70. a6 Kc7 71. Nd5+ 1-0

[Event "11. OSEM SH 2017"]
[Site "Büsum"]
[Date "2017.09.15"]
[Round "8.77"]
[White "Ludwig, Richard"]
[Black "Schumacher, Ursula"]
[Result "1/2-1/2"]
[WhiteElo "1662"]
[BlackElo "1519"]
[PlyCount "46"]
[EventDate "2017.??.??"]
[WhiteTeam "SV Irxleben"]
[BlackTeam "HTC Bad Neuenahr"]

1. e4 c6 2. d4 d5 3. exd5 cxd5 4. Bd3 Nc6 5. c3 Nf6 6. Nf3 g6 7. O-O Bg7 8. Re1
Bg4 9. h3 Bxf3 10. Qxf3 O-O 11. Be3 Re8 12. Qd1 e5 13. dxe5 Nxe5 14. Na3 a6 15.
Nc2 Nc4 16. Qc1 Nxe3 17. Rxe3 Rxe3 18. Qxe3 Qd6 19. Qf3 Bf8 20. Re1 Re8 21.
Rxe8 Nxe8 22. Nd4 b5 23. Qe2 Qe7 1/2-1/2

[Event "11. OSEM SH 2017"]
[Site "Büsum"]
[Date "2017.09.15"]
[Round "8.78"]
[White "Schütt, Günter"]
[Black "Graffenberger, Wilhelm"]
[Result "1/2-1/2"]
[WhiteElo "1573"]
[BlackElo "1651"]
[PlyCount "84"]
[EventDate "2017.??.??"]
[WhiteTeam "SV Strand"]
[BlackTeam "Hamburger SK"]

1. c4 c5 2. Nc3 Nc6 3. Nf3 d6 4. e3 g6 5. d4 cxd4 6. exd4 Bg7 7. Be3 Nf6 8. h3
O-O 9. Be2 Bf5 10. a3 e5 11. dxe5 Nxe5 12. O-O Ne4 13. Nxe4 Bxe4 14. Nd4 Nc6
15. f3 Nxd4 16. Bxd4 Bc6 17. Bxg7 Kxg7 18. Qd4+ Qf6 19. Rad1 Qxd4+ 20. Rxd4
Rad8 21. Rfd1 Rfe8 22. Kf2 Re6 23. R1d3 Rde8 24. Bd1 Rd8 25. b4 b5 26. c5 d5
27. Bb3 Rde8 28. Bxd5 Bxd5 29. Rxd5 Re2+ 30. Kg3 Ra2 31. c6 Rc2 32. Rc5 Rxc5
33. bxc5 Rc8 34. Rb3 a6 35. a4 bxa4 36. Rb6 a5 37. Ra6 a3 38. Rxa5 Rxc6 39.
Rxa3 Rxc5 40. h4 h5 41. Kh3 Rc4 42. Ra5 Rc3 1/2-1/2

[Event "11. OSEM SH 2017"]
[Site "Büsum"]
[Date "2017.09.15"]
[Round "8.79"]
[White "Klose, Hans-Peter"]
[Black "Hilbig, Klaus"]
[Result "0-1"]
[WhiteElo "1537"]
[BlackElo "1646"]
[PlyCount "47"]
[EventDate "2017.??.??"]
[WhiteTeam "ESV Göttingen"]
[BlackTeam "Ahrensburger TSV"]

1. c4 e5 2. g3 Nc6 3. Bg2 f5 4. e3 e4 5. b3 Ne5 6. Bf1 d5 7. d4 exd3 8. Bxd3
dxc4 9. Bc2 Qxd1+ 10. Kxd1 b5 11. Ke2 Bb7 12. f3 g6 13. Nc3 a6 14. h4 Nf6 15.
Rh2 Bc5 16. Bd2 O-O 17. Rd1 Rad8 18. e4 Nh5 19. Rg2 Nd3 20. Nd5 fxe4 21. fxe4
Bxd5 22. Rf1 Bxe4 23. Rxf8+ Rxf8 24. Bh6 0-1

[Event "11. OSEM SH 2017"]
[Site "Büsum"]
[Date "2017.09.15"]
[Round "8.80"]
[White "Petersen, Günter"]
[Black "Jung, Michael"]
[Result "1/2-1/2"]
[WhiteElo "1615"]
[BlackElo "1794"]
[PlyCount "51"]
[EventDate "2017.??.??"]
[WhiteTeam "Segeberger SF"]
[BlackTeam "SV Osnabrück"]

1. e4 Nf6 2. Nc3 d5 3. exd5 Nxd5 4. Nxd5 Qxd5 5. Nf3 Bg4 6. Be2 e6 7. O-O Bc5
8. c4 Qd8 9. d4 Be7 10. Be3 O-O 11. Qb3 b6 12. h3 Bh5 13. Rfe1 Nd7 14. Rad1 c6
15. d5 cxd5 16. cxd5 Bxf3 17. Bxf3 Ne5 18. dxe6 Nxf3+ 19. gxf3 Qe8 20. exf7+
Rxf7 21. Bg5 Kf8 22. Bxe7+ Rxe7 23. Qb4 Qg6+ 24. Qg4 Qf6 25. Rxe7 Qxe7 26. Qf5+
1/2-1/2

[Event "11. OSEM SH 2017"]
[Site "Büsum"]
[Date "2017.09.15"]
[Round "8.81"]
[White "Van Houten, Henk"]
[Black "Duijker, Bert"]
[Result "0-1"]
[WhiteElo "1645"]
[BlackElo "1868"]
[PlyCount "92"]
[EventDate "2017.??.??"]
[WhiteTeam "SC Gronau"]
[BlackTeam "ASV Arnhem"]

1. b3 e5 2. Bb2 e4 3. a3 d5 4. e3 Nf6 5. d3 Bg4 6. Be2 Bxe2 7. Qxe2 Be7 8. dxe4
dxe4 9. Qb5+ Nbd7 10. Qxb7 O-O 11. Qb5 Rb8 12. Qe2 c5 13. Nd2 a5 14. a4 Qc7 15.
Nh3 h6 16. f3 exf3 17. gxf3 Rfe8 18. O-O-O Nd5 19. Nc4 N5f6 20. Rhg1 Bf8 21.
Qd2 Rbd8 22. Qxa5 Qxh2 23. Rh1 Qe2 24. Bxf6 gxf6 25. Rdf1 Ne5 26. Rf2 Nxc4 27.
Rxe2 Nxa5 28. Nf4 Re5 29. Nd3 Rf5 30. Rg2+ Rg5 31. Rxg5+ fxg5 32. Nb2 f5 33.
Rd1 Rxd1+ 34. Kxd1 h5 35. Ke2 Kf7 36. Nc4 Nxc4 37. bxc4 Bd6 38. a5 h4 39. a6
Bb8 40. Kf2 Ke6 41. f4 g4 42. Ke2 Kf6 43. Kf2 Kg6 44. Kg2 Kh5 45. Kh2 g3+ 46.
Kh3 Ba7 0-1

[Event "11. OSEM SH 2017"]
[Site "Büsum"]
[Date "2017.09.15"]
[Round "8.82"]
[White "Geibel, Henning"]
[Black "Kühnen, Gerhard"]
[Result "1-0"]
[WhiteElo "1475"]
[BlackElo "1639"]
[PlyCount "97"]
[EventDate "2017.??.??"]
[WhiteTeam "SV Bargteheide"]
[BlackTeam "Flensburger SK"]

1. e4 c5 2. Nf3 e6 3. Bc4 d5 4. exd5 exd5 5. Be2 Nc6 6. O-O Nf6 7. d4 c4 8. c3
Be7 9. h3 O-O 10. b3 b5 11. b4 a5 12. Nh2 axb4 13. Bg4 Bd6 14. Bxc8 Qxc8 15.
cxb4 Bxb4 16. Bd2 Bd6 17. Bg5 Ne4 18. Be3 Qc7 19. Nf3 f6 20. Nfd2 f5 21. Nxe4
fxe4 22. Nc3 Qf7 23. Nxb5 Bb4 24. a3 Be7 25. Qg4 h5 26. Qd7 Nb8 27. Qb7 Na6 28.
Na7 Qe6 29. Nc6 Bf6 30. Rfb1 Qc8 31. Ne7+ Bxe7 32. Qxe7 Rf7 33. Qe5 Rf5 34. Qd6
Qf8 35. Qe6+ Qf7 36. Qc6 Rf6 37. Qxa8+ Kh7 38. Rb7 Qg6 39. Rd7 Rd6 40. Qd8 Rxd7
41. Qxd7 Nb8 42. Qxd5 c3 43. Qb3 Nd7 44. Qxc3 Qf6 45. Qc8 Nb6 46. Qe8 Qf5 47.
Rb1 Nc4 48. Rb5 Qg6 49. Rxh5+ 1-0

[Event "11. OSEM SH 2017"]
[Site "Büsum"]
[Date "2017.09.15"]
[Round "8.83"]
[White "Howe, Dietrich"]
[Black "Bierwald, Martin"]
[Result "0-1"]
[WhiteElo "1471"]
[BlackElo "1637"]
[PlyCount "58"]
[EventDate "2017.??.??"]
[WhiteTeam "SK Kaltenkirchen"]
[BlackTeam "Königsspr. SC"]

1. e4 e6 2. d4 d5 3. e5 c5 4. c3 Nc6 5. Nf3 Qb6 6. Bd3 Bd7 7. O-O cxd4 8. cxd4
Nxd4 9. Nxd4 Qxd4 10. Nc3 Qb6 11. Rb1 Rc8 12. Be3 Bc5 13. Na4 Bxa4 14. Qxa4+
Ke7 15. Bg5+ f6 16. exf6+ Nxf6 17. Qh4 Kd6 18. b3 Qd8 19. Rfe1 e5 20. Rxe5 Kxe5
21. Re1+ Kd6 22. Qf4+ Kc6 23. Re6+ Bd6 24. Qa4+ Kc7 25. Qxa7 Ra8 26. Qd4 Re8
27. Qc3+ Kb8 28. Bxf6 gxf6 29. Rxf6 Be5 0-1

[Event "11. OSEM SH 2017"]
[Site "Büsum"]
[Date "2017.09.15"]
[Round "8.84"]
[White "Hadlich, Carmen"]
[Black "Berber, Theodor"]
[Result "0-1"]
[WhiteElo "1351"]
[BlackElo "1627"]
[PlyCount "152"]
[EventDate "2017.??.??"]
[WhiteTeam "SV Holstein Quickborn"]
[BlackTeam "SK Kaltenkirchen"]

1. d4 c5 2. Nf3 Nf6 3. c4 g6 4. e3 Bg7 5. Nc3 cxd4 6. exd4 O-O 7. Bd3 d6 8. O-O
a6 9. a4 b6 10. Qc2 Nc6 11. Be4 Nxe4 12. Nxe4 Bb7 13. d5 Nd4 14. Nxd4 Bxd4 15.
Bh6 Bg7 16. Bxg7 Kxg7 17. Qc3+ Kg8 18. h4 h5 19. Ng5 Bc8 20. Rfe1 Bf5 21. Re3
Ra7 22. Rae1 Re8 23. Qd2 Rc7 24. b3 a5 25. Rg3 Qd7 26. Nf3 Kh7 27. Ng5+ Kg8 28.
Nf3 Kh7 29. Nd4 e6 30. Rge3 e5 31. Nxf5 Qxf5 32. Rf3 Qd7 33. Qg5 f5 34. Rg3 Rg8
35. f3 f4 36. Rh3 Rf8 37. g3 fxg3 38. Rxg3 Qf5 39. Qe3 Rb7 40. Rf1 Qf4 41. Qxf4
Rxf4 42. Rh3 Rbf7 43. Re1 Rxf3 44. Rxf3 Rxf3 45. Rb1 Rf4 46. b4 Rxc4 47. bxa5
bxa5 48. Rb6 Rxa4 49. Rxd6 Kg7 50. Rd7+ Kf6 51. Rd8 Ke7 52. Rg8 Rg4+ 53. Kf2 a4
54. Ra8 Rxh4 55. Ra6 Rg4 56. Re6+ Kd7 57. Rxe5 a3 58. Re1 Kd6 59. Ra1 Kxd5 60.
Rxa3 Ke5 61. Rh3 Kf5 62. Kf3 Ra4 63. Rh2 Ra3+ 64. Kg2 Ra2+ 65. Kh1 Rxh2+ 66.
Kxh2 Kg4 67. Kg2 g5 68. Kh2 Kf3 69. Kh3 g4+ 70. Kh2 h4 71. Kg1 Kg3 72. Kh1 Kf2
73. Kh2 g3+ 74. Kh1 g2+ 75. Kh2 g1=Q+ 76. Kh3 Qg3# 0-1

[Event "11. OSEM SH 2017"]
[Site "Büsum"]
[Date "2017.09.15"]
[Round "8.85"]
[White "Stratmann, Dietrich"]
[Black "Lambrecht, Harald"]
[Result "1-0"]
[WhiteElo "1682"]
[BlackElo "1414"]
[PlyCount "55"]
[EventDate "2017.??.??"]
[WhiteTeam "SC Northeim"]
[BlackTeam "SK Celle-Westercelle"]

1. d4 d5 2. Nf3 e6 3. e3 c5 4. b3 Nf6 5. Ne5 Nc6 6. Bb2 Ne4 7. Qf3 Qf6 8. Qxf6
gxf6 9. Nxc6 bxc6 10. f3 Nd6 11. dxc5 Nb7 12. Bxf6 Rg8 13. b4 Rg6 14. Bd4 a5
15. c3 axb4 16. cxb4 f6 17. f4 Nd8 18. Kf2 Nf7 19. Bd3 f5 20. a4 Bg7 21. Bxg7
Rxg7 22. Nc3 e5 23. b5 e4 24. Be2 Bd7 25. bxc6 Bxc6 26. Bb5 Bxb5 27. Nxb5 Kd7
28. Nd4 1-0

[Event "11. OSEM SH 2017"]
[Site "Büsum"]
[Date "2017.09.15"]
[Round "8.86"]
[White "Graffenberger, Marianne"]
[Black "Kaspschak, Karola"]
[Result "1/2-1/2"]
[WhiteElo "1382"]
[BlackElo "1435"]
[PlyCount "66"]
[EventDate "2017.??.??"]
[WhiteTeam "Hamburger SK"]
[BlackTeam "Sf Barsinghausen"]

1. e4 c5 2. Nf3 Nc6 3. c4 Nf6 4. Nc3 e5 5. d3 Be7 6. Nd5 O-O 7. Be2 d6 8. O-O
Bg4 9. h3 Bh5 10. Nxf6+ Bxf6 11. Nh2 Bxe2 12. Qxe2 h6 13. Ng4 Bg5 14. Bxg5 Qxg5
15. Qe3 Qxe3 16. Nxe3 Ne7 17. b3 b6 18. Rac1 Kh7 19. f4 Rad8 20. fxe5 dxe5 21.
Nd5 Nxd5 22. exd5 f6 23. Rce1 Rfe8 24. a3 a5 25. a4 Kg8 26. g4 Kf7 27. Kg2 g5
28. Kg3 Kg6 29. h4 Rd7 30. h5+ Kg7 31. Rf5 Rd6 32. Kf3 Rd7 33. Ke4 Rd6 1/2-1/2